| 000 -LEADER |
| fixed length control field |
00980nam a2200265Ia 4500 |
| 001 - CONTROL NUMBER |
| control field |
822 |
| 003 - CONTROL NUMBER IDENTIFIER |
| control field |
GE_BSU |
| 005 - DATE AND TIME OF LATEST TRANSACTION |
| control field |
20220920162548.0 |
| 008 - FIXED-LENGTH DATA ELEMENTS--GENERAL INFORMATION |
| fixed length control field |
181216s2000||||rus|||||||||||||| ||ru || |
| 020 ## - INTERNATIONAL STANDARD BOOK NUMBER |
| International Standard Book Number |
5932080671 |
| 040 ## - CATALOGING SOURCE |
| Transcribing agency |
GE_BSU |
| 041 ## - LANGUAGE CODE |
| Language code of text/sound track or separate title |
ru |
| 080 ## - UNIVERSAL DECIMAL CLASSIFICATION NUMBER |
| Universal Decimal Classification number |
004.9 А-65 |
| 100 ## - MAIN ENTRY--PERSONAL NAME |
| Personal name |
Андреева, Е. |
| 9 (RLIN) |
14647 |
| 245 ## - TITLE STATEMENT |
| Title |
Системы счисления и компьютерная арифметика : |
| Remainder of title |
Учебное пособие. Лаборатория базовых знании / |
| 250 ## - EDITION STATEMENT |
| Edition statement |
2-е изд. |
| 264 ## - PRODUCTION, PUBLICATION, DISTRIBUTION, MANUFACTURE, AND COPYRIGHT NOTICE |
| Place of production, publication, distribution, manufacture |
Москва, |
| Date of production, publication, distribution, manufacture, or copyright notice |
2000 |
| 300 ## - PHYSICAL DESCRIPTION |
| Extent |
248 стр. |
| 653 ## - INDEX TERM--UNCONTROLLED |
| keyword |
компьютерная арифметика |
| 653 ## - INDEX TERM--UNCONTROLLED |
| keyword |
Системы счисления и компьютерная арифметика |
| 653 ## - INDEX TERM--UNCONTROLLED |
| keyword |
ინფორმატიკა |
| 653 ## - INDEX TERM--UNCONTROLLED |
| keyword |
საინფორმაციო ტექნოლოგიები |
| 700 ## - ADDED ENTRY--PERSONAL NAME |
| Personal name |
Фалина, И. |
| Relator term |
ავტორი |
| 9 (RLIN) |
14648 |
| 942 ## - ADDED ENTRY ELEMENTS (KOHA) |
| Koha item type |
წიგნი |
| Source of classification or shelving scheme |
|